000 00757nam a22002297a 4500
999 _c9588
_d9588
003 AR-CdUCM
008 190328b ||||| |||| 00| 0 spa d
040 _aMUNICIPALIDAD PROVINCIAL DEL CUSCO
_cBIBLIOTECA MUNICIPAL DEL CUSCO
041 _hger
082 _a891.57 /
_bZ98 T / 1935
100 _aZweig, Stefan,
_910851
245 _aTolstoi /
260 _aSantiago de Chile :
_bZig-zag,
_c1935.
300 _a143 paginas ;
_c18 cm.
505 _aContenido : Acordes previos -- Imagen -- Diversos aspectos de su vitalidad --El artista -- Autorretrato...
650 _aBiografia
_9437
650 _aCritica e interpetación
_925892
650 _aLiteratura
_983
700 _aGunter, Emilio (Traductor)
_925893
942 _2ddc
_cLIBROS
945 _awnts